Organická chémia pre 2. ročník stredných priemyselných škôl chemických a potravinárskych /

Hlavní autor: Kucler, Rudolf
Další autoři: Svoboda, Jan
Jazyk: Slovenština
Vydáno: Bratislava : Alfa, 1969
Vydání: 1. vyd.
Edice: Edícia chemickej literatúry (Alfa)
Témata:
Fyzický popis: 311 s.
Knihy
Uloženo v:
LEADER 01160nam a22003252a 4500
001 001314360
003 CZ BrMZK
005 20130731095005.0
007 ta
008 130731s1969 xo er|||||||||||slo d
040 |a ABA001  |b cze  |c ABA001  |d ABA009  |d BOA001 
041 1 |a slo  |h cze 
072 7 |a 547  |x Organická chemie  |2 Konspekt  |9 10 
080 |a 547  |2 MRF 
100 1 |a Kucler, Rudolf  |7 jk01070483  |4 aut 
245 1 0 |a Organická chémia pre 2. ročník stredných priemyselných škôl chemických a potravinárskych /  |c Rudolf Kucler, Jan Svoboda ; z českého originálu preložila Anna Flochová 
250 |a 1. vyd. 
260 |a Bratislava :  |b Alfa,  |c 1969 
300 |a 311 s. 
490 1 |a Edícia chemickej literatúry 
500 |a Přeloženo z češtiny 
650 0 7 |a chemie organická  |2 czenas 
655 7 |a učebnice středních škol  |7 fd133771  |2 czenas 
700 1 |a Svoboda, Jan  |7 jx20040917024  |4 aut 
765 0 |t Organická chemie  |9 Slovensky 
830 0 |a Edícia chemickej literatúry (Alfa) 
910 |a BOA001  |b 2-0630.284 
990 |a BK 
991 |b 201307 
996 7 |b 2619638117  |c 2-0630.284  |l HP2  |r DEN  |n 0  |w 001349328  |u 000010  |a 1  |e BOA001  |j MZK50  |s A